000 00428nam a2200157 4500
001 42763
090 _a42763
100 _a20240226 pory50
101 _apor
_aing
102 _aPT
200 _aDicionário Oxford pocket para estudantes de Inglês
_ePortuguês - Inglês Inglês - Português
210 _aOxford
_cOxford University Press
_d1999
215 _a706 , [1] p.
675 _a(038)
801 _aPT
_gRPC
990 _cLIVROS